| 000 | 00547 a2200205 4500 | ||
|---|---|---|---|
| 005 | 20260417121959.0 | ||
| 008 | 260417b |||||||| |||| 00| 0 eng d | ||
| 020 |
_a9783030967796 _c€ 69.99 |
||
| 040 | _aMAIN | ||
| 082 |
_a537 _bK128E |
||
| 100 | _aKamberaj, Hiqmet | ||
| 245 | _aElectromagnetism: With solved problems | ||
| 260 |
_bSpringer _c2022 _aSwitzerland |
||
| 300 | _axiii, 395 | ||
| 440 | _aUndergradute texts in physics | ||
| 650 | _aNatural Science | ||
| 650 | _aPhysics | ||
| 650 | _aElectricity- Magnetism | ||
| 942 | _cBK | ||
| 999 |
_c397096 _d397096 |
||